000 00375nam a2200145Ia 4500
008 240624s9999 xx 000 0 und d
041 _aeng
082 _a005.74 KIM
100 _aKIMBALL RALPH
245 _aDATA WAREHOUSE LIFECYCLE TOOLKIT PRACTIC
250 _a(2nd ed.)
260 _c2013
_aNew Delhi
_bWiley
300 _axxxiv, : 636 : p. : cm. ; 26
365 _cRS
_b33
999 _c25584
_d25584